000 01740nam a2200217Ia 4500
999 _c7695
_d7695
008 141014s9999||||xx |||||||||||||| ||und||
010 _a7545
020 _a978-950-727-850-1
040 _aANE
041 _aEs
082 _a345.11 G679
100 _aGossel, Karl Heinz
245 _aEl Derecho Procesal Penal en el Estado de Derecho
_cGossel, Karl Heinz
250 _aS/E
260 _aBuenos Aires, Argentina
_c2007
_bRubinzal Culzoni
300 _a352 p
_c23 cm
500 _aÍndice
505 _aEl Principio de Estado de Derecho en su significado para el Procedimiento Penal.- El Misterio Fiscal y la Policía criminal en el Procedimiento Penal del Estado de Derecho.- La Defensa en el Estado de Derecho y las limitaciones relativas al defensor en el Procedimiento contra terroristas.- El principio de investigación de oficio en la praxis del proceso penal Alemán.- La verdad en el Proceso Penal ¿Es encontrada o construida?.- Sobre la obligación de indagar la verdad material y la competencia para el inicio de un proceso penal y su prosecución.- Las prohibiciones de prueba como límites de la búsqueda de la verdad en el Proceso Penal.- Aspectos jurídico-Constitucionales y Político-Criminales.- La prueba ilícita en el Proceso Penal.- Sobre la valoración probatoria, apreciación de la prueba y reglas de prueba.- Acerca del "Acuerdo" en el Proceso Penal.- Las investigaciones genéticas como objeto de prueba en el Proceso Penal.- Principios Fundamentales de la s formas procesales descriminalizadoras, incluidas las del procedimiento por contravenciones al orden administrativo y las del Proceso por orden penal, en el proceso penal Alemán.
650 _aDerecho Procesal Penal
942 _cBK
_2ddc
_zNr.